Statistics for Capital Cities Breakdown Puzzle #2

Click here to take the quiz!

General Stats

  • This quiz has been taken 7,651 times
  • The average score is 17 of 30

Answer Stats

Hint Answer % Correct
What we breatheAIR
95%
Baltic, Dead, eg.SEA
88%
SwinePIG
86%
Camel featureHUMP
83%
Biblical boatARK
83%
Part of a moleculeATOM
83%
Young ladyGIRL
82%
Strike, punchHIT
80%
Zero (esp. in soccer scores)NIL
76%
Gorilla; copyAPE
74%
Delivery vehicleVAN
72%
Part of a river or a faceMOUTH
68%
Pesto herbBASIL
67%
Floor coveringRUG
63%
Tooth holeCAVITY
62%
Weep convulsivelySOB
60%
"Take On Me" bandAHA
60%
2009 Pixar movieUP
56%
BRASILIA
53%
LISBON
49%
HAVANA
46%
PRAGUE
39%
Like an excuse, but betterREASON
34%
{VATICAN} {CITY}
31%
KHARTOUM
27%
THIMPHU
27%
ALGIERS
26%
MAPUTO
21%
Playful prank, caperANTIC
18%
SINGAPORE
12%

Score Distribution

Percentile by Number Answered

Percent of People with Each Score

Your Score History

You have not taken this quiz